Designing And Managing the Supply Chain (Record no. 10263)
[ view plain ]
| 000 -LEADER | |
|---|---|
| fixed length control field | 00271nam a2200109Ia 4500 |
| 100 ## - MAIN ENTRY--AUTHOR NAME | |
| Personal name | Simchi-Kaminsky |
| 245 #0 - TITLE STATEMENT | |
| Title | Designing And Managing the Supply Chain |
| 260 ## - PUBLICATION, DISTRIBUTION, ETC. (IMPRINT) | |
| Place of publication | USA |
| Name of publisher | Addison |
| Year of publication | 530 |
| 300 ## - PHYSICAL DESCRIPTION | |
| Number of Pages | 320 |
| 942 ## - ADDED ENTRY ELEMENTS (KOHA) | |
| Koha item type | Books |
No items available.